Urbanization and Development Planning in Kenya (Record no. 74511)
[ view plain ]
| 000 -LEADER | |
|---|---|
| fixed length control field | 00275nam a2200121Ia 4500 |
| 003 - CONTROL NUMBER IDENTIFIER | |
| control field | OSt |
| 005 - DATE AND TIME OF LATEST TRANSACTION | |
| control field | 20250509154452.0 |
| 040 ## - CATALOGING SOURCE | |
| Transcribing agency | LCC |
| 050 ## - LIBRARY OF CONGRESS CALL NUMBER | |
| Classification number | HT 148 .K4 U73 1981 |
| 100 ## - MAIN ENTRY--PERSONAL NAME | |
| Personal name | Obudho,R. A. |
| 245 #0 - TITLE STATEMENT | |
| Title | Urbanization and Development Planning in Kenya |
| 942 ## - ADDED ENTRY ELEMENTS (KOHA) | |
| Koha item type | Long Loan Book |
| Source of classification or shelving scheme | Dewey Decimal Classification |
| Suppress in OPAC | No |
| Withdrawn status | Lost status | Source of classification or shelving scheme | Damaged status | Not for loan | Collection | Home library | Current library | Shelving location | Date acquired | Inventory number | Total checkouts | Full call number | Barcode | Date last seen | Copy number | Price effective from | Koha item type | Date last checked out |
|---|---|---|---|---|---|---|---|---|---|---|---|---|---|---|---|---|---|---|
| Library of Congress Classification | Business & Economics | Kisii University Library | Kisii University Library | On Display | 04/18/2024 | 04046/87 | HB 2161 I62.5 U73 1981 | 001152 | 04/18/2024 | C.1 | 04/18/2024 | Long Loan Book | ||||||
| Library of Congress Classification | Business & Economics | Kisii University Library | Kisii University Library | On Display | 04/18/2024 | 04049/87 | 1 | HT 148 .K4 U73 1981 | 000000007444 | 04/12/2026 | C.3 | 04/18/2024 | Long Loan Book | 03/30/2026 | ||||
| Library of Congress Classification | Business & Economics | Kisii University Library | Kisii University Library | On Display | 04/18/2024 | 04047/87 | HB 2161 I62.5 U73 1981 | 001542 | 04/18/2024 | C.2 | 04/18/2024 | Long Loan Book | ||||||
| Library of Congress Classification | Business & Economics | Kisii University Library | Kisii University Library | On Display | 10/29/2024 | 19238 | HT 148 .K4 U73 1981 | 000000015502 | 10/29/2024 | C.4 | 10/29/2024 | Long Loan Book |